Movies Quiz

Random Movies Quiz

Pirates of the Caribbean Characters (Slideshow) Quiz Stats

Quiz not verified by Sporcle

Challenge
Share
Tweet
Score 0/20 Timer 07:00
0 Plays Today
% Correct
William Turner
98.6%
Elizabeth Swann
97.3%
Captain Jack Sparrow
95.6%
Davy Jones
89.3%
Mr. Gibbs
83.5%
Governor Weatherby Swann
78.3%
Captain Hector Barbossa
76.6%
James Norrington
76.4%
Jack
74.7%
Edward Teach
74.7%
% Correct
Pintel
60.2%
Lord Cutler Beckett
59.6%
Ragetti
57.7%
Angelica
56.3%
Marty
49.7%
William Turner
43.7%
Syrena
35.2%
Mr. Cotton
34.6%
Anamaria
32.7%
Phillip Swift
30.2%

You're not logged in!

Compare scores with friends on all Sporcle quizzes.
Sign Up with Email
OR
Log In

You Might Also Like...

Show Comments

Extras

Top Quizzes Today


Score Distribution

Your Account Isn't Verified!

In order to create a playlist on Sporcle, you need to verify the email address you used during registration. Go to your Sporcle Settings to finish the process.